UBT Library

C++ math class library : (Record no. 41708)

000 -LEADER
fixed length control field 00922pam a2200241 a 4500
001 - CONTROL NUMBER
control field 4888836
005 - DATE AND TIME OF LATEST TRANSACTION
control field 20180202094716.0
008 - FIXED-LENGTH DATA ELEMENTS--GENERAL INFORMATION
fixed length control field 930722s1994 nyua b 001 0 eng
010 ## - LIBRARY OF CONGRESS CONTROL NUMBER
LC control number 93029732
020 ## - INTERNATIONAL STANDARD BOOK NUMBER
International Standard Book Number 0471592439 (acidfree paper) :
Terms of availability $49.95
040 ## - CATALOGING SOURCE
Original cataloging agency DLC
Transcribing agency DLC
Modifying agency DLC
041 ## - LANGUAGE CODE
Language code of text/sound track or separate title eng
080 ## - UNIVERSAL DECIMAL CLASSIFICATION NUMBER
Universal Decimal Classification number 510.2855133 SCO
082 00 - DEWEY DECIMAL CLASSIFICATION NUMBER
Classification number 510.2855133 SCO
Edition number 20
100 1# - Rafti
Rafti 30
101 ## - Shkurtesa
Shkurtesa MAT
245 10 - TITLE STATEMENT
Title C++ math class library :
Statement of responsibility, etc Scott N. Gerard.
504 ## - BIBLIOGRAPHY, ETC. NOTE
Bibliography, etc Includes bibliographical references (p. [323]-324) and index.
740 0# - ADDED ENTRY--UNCONTROLLED RELATED/ANALYTICAL TITLE
Uncontrolled related/analytical title C plus plus math class library.
906 ## - LOCAL DATA ELEMENT F, LDF (RLIN)
a 7
b cbc
c orignew
d 1
e ocip
f 19
g y-gencatlg
942 ## - ADDED ENTRY ELEMENTS (KOHA)
Source of classification or shelving scheme
Item type Books
Holdings
Withdrawn status Lost status Source of classification or shelving scheme Damaged status Not for loan Collection code Permanent location Current location Shelving location Date acquired Total Checkouts Full call number Barcode Date last seen Price effective from Koha item type
          Koleksioni i përgjithshem UBT - Lipjan UBT - Lipjan Koleksioni i përgjithshem 02/02/2018   510.2855133 SCO 002-2997558 02/02/2018 02/02/2018 Books
UBT Library © 2015-2024. All rights reserved University Education for Business and Technology